United States Retail Outlook (Record no. 119313)
[ view plain ]
| 000 -LEADER | |
|---|---|
| fixed length control field | 01393cas a22002535 4500 |
| 001 - CONTROL NUMBER | |
| control field | L152474 |
| 008 - FIXED-LENGTH DATA ELEMENTS--GENERAL INFORMATION | |
| fixed length control field | 111108c2011 xxuqr ws s 0 a0eng u |
| 035 ## - SYSTEM CONTROL NUMBER | |
| System control number | (Sirsi) u152474 |
| 041 0# - LANGUAGE CODE | |
| Language code of text/sound track or separate title | eng |
| 050 ## - LIBRARY OF CONGRESS CALL NUMBER | |
| Classification number | 333.33 $2 18 |
| 110 2# - MAIN ENTRY--CORPORATE NAME | |
| Corporate name or jurisdiction name as entry element | Jones Lang LaSalle |
| 9 (RLIN) | 3755 |
| 245 00 - TITLE STATEMENT | |
| Title | United States Retail Outlook |
| Medium | [electronic resource] |
| 260 ## - PUBLICATION, DISTRIBUTION, ETC. | |
| Place of publication, distribution, etc. | [S.l.] |
| Name of publisher, distributor, etc. | Jones Lang LaSalle |
| Date of publication, distribution, etc. | 2011- |
| 362 0# - DATES OF PUBLICATION AND/OR SEQUENTIAL DESIGNATION | |
| Dates of publication and/or sequential designation | Current issue only |
| 490 #0 - SERIES STATEMENT | |
| Series statement | Jones Lang LaSalle United States Retail Outlook |
| Volume/sequential designation | Q2 2011- |
| 520 ## - SUMMARY, ETC. | |
| Summary, etc. | The Retail Outlook provides a comprehensive narrative and statistical analysis of economic, leasing and capital markets trends for the United States with specific emphasis on 8 local markets as well as an outlook on anticipated future conditions. Covers the economic background, the national retail market, US retail market statistics, retail capital markets, the retail property clock, and local retail markets. |
| 554 ## - | |
| -- | Four per year |
| 650 24 - SUBJECT ADDED ENTRY--TOPICAL TERM | |
| Topical term or geographic name entry element | JONES LANG LASALLE UNITED STATES RETAIL OUTLOOK |
| 651 #4 - SUBJECT ADDED ENTRY--GEOGRAPHIC NAME | |
| Geographic name | United States |
| Chronological subdivision | 1959- |
| 690 ## - LOCAL SUBJECT ADDED ENTRY--TOPICAL TERM (OCLC, RLIN) | |
| Topical term or geographic name as entry element | PROPERTY-COMMERCIAL PROPERTY-COMMERCIAL PROPERTY MARKET |
| 690 ## - LOCAL SUBJECT ADDED ENTRY--TOPICAL TERM (OCLC, RLIN) | |
| Topical term or geographic name as entry element | PROPERTY-COMMERCIAL PROPERTY-COMMERCIAL PROPERTY FINANCE AND INVESTMENT |
| 856 40 - ELECTRONIC LOCATION AND ACCESS | |
| Uniform Resource Identifier | <a href="https://www.us.am.joneslanglasalle.com/UnitedStates/EN-US/Pages/retail-research-reports.aspx">https://www.us.am.joneslanglasalle.com/UnitedStates/EN-US/Pages/retail-research-reports.aspx</a> |
| Public note | View the report free of charge at www.us.am.joneslanglasalle.com |
| 942 ## - ADDED ENTRY ELEMENTS (KOHA) | |
| Suppress in OPAC | 0 |
| Withdrawn status | Lost status | Source of classification or shelving scheme | Damaged status | Not for loan | Home library | Current library | Shelving location | Date acquired | Total Checkouts | Full call number | Barcode | Date last seen | Copy number | Price effective from | Koha item type |
|---|---|---|---|---|---|---|---|---|---|---|---|---|---|---|---|
| Dewey Decimal Classification | Virtual | Virtual | Online | 14/03/2011 | ONLINE PUBLICATION | 152474-2001 | 06/08/2019 | 1 | 06/08/2019 | Book |